000 01338nam a2200301 a 4500
001 38524
003 BD-RjUL
005 20211209052819.0
008 190417s1985 bg b 100 0 eng d
035 _a(BD-RjUL)38629
040 _aDLC
_cDLC
_dBD-RjUL
_beng
041 _aeng
043 _aa------
_aa-bg---
082 _a352.14095492
_223
_bBAI 1985
110 1 _aBangladesh Academy for Rural Development
_9230763
245 1 0 _aInternational Seminar on Decentralization, local government institutions and resource mobilization :
_bPapers presented in the seminar, January 20-23, 1985 /
_cBangladesh Academy for Rural Development
260 _aComilla :
_bBangladesh Academy for Rural Development,
_cc1985
300 _aVarious Pagings ;
_c23 cm
500 _a"Jointly Sponsored by: Government of Bangladesh and United states Agency for International Development"
504 _aIncludes bibliographical references
650 0 _aDecentralization in government
_zAsia
_vCongresses
_9230764
650 0 _aDecentralization in government
_zBangladesh
_vCongresses
_9230765
650 0 _aLocal government
_zAsia
_vCongresses
_9230766
650 0 _aLocal government
_zBangladesh
_vCongresses
_9230767
650 0 _aRural development
_zAsia
_vCongresses
_9230768
650 0 _aRural development
_zBangladesh
_vCongresses
_9230769
942 _2ddc
_cRAR
999 _c38524
_d38524